00487pab a2200157 454500008004000000100002100040245007000061260000900131300001300140362001100153650004500164650003900209650002300248700002400271773003400295180718b2008 xxu||||| |||| 00| 0 eng d aIyengar, Radhika aEducation policy and practice: case studies from Delhi and Mumbai c2008 ap.63-69. a20 Sep aEducational policy - India - Maharashtra aEducational policy - India - Delhi aEducational policy aSuriananain, Sharmi aEconomic and Political Weekly